|
|
|
|
| LEADER |
01129nam a2200253 a 4500 |
| 003 |
GR-PaULI |
| 005 |
20210512103617.0 |
| 008 |
040806s2006 mauabcf b 001 0 eng d |
| 952 |
|
|
|0 0
|1 0
|2 ddc
|4 0
|6 820_801000000000000_45_ROM
|7 0
|9 233359
|a LISA
|b LISA
|c BSC
|d 2019-06-26
|i 15274
|l 0
|o 820.801 45 ROM
|p 025000263294
|r 2019-06-26 00:00:00
|t 1
|w 2019-06-26
|y BK15
|
| 999 |
|
|
|c 141624
|d 141624
|
| 020 |
|
|
|a 9781405120852
|
| 040 |
|
|
|a GR-PaULI
|b gre
|c GR-PaULI
|d GR-AiPI
|e AACR2
|
| 082 |
0 |
4 |
|a 820.801 45
|2 23
|
| 245 |
0 |
0 |
|a Romanticism :
|b an anthology /
|c edited by Duncan Wu.
|
| 250 |
|
|
|a 3rd ed.
|
| 260 |
|
|
|a Malden [Mass.] :
|b Blackwell Pub,
|c 2006.
|
| 300 |
|
|
|a lxxiii, 1477 σ.:
|b εικ.;
|c 25 εκ.
|
| 504 |
|
|
|a Περιλαμβάνει βιβλιογραφικές παραπομπές και ευρετήρια.
|
| 650 |
|
4 |
|a Αγγλική λογοτεχνία
|y 17ος αιώνας
|9 86466
|
| 650 |
|
4 |
|a Αγγλική λογοτεχνία
|y 18ος αιώνας
|9 25529
|
| 650 |
|
4 |
|a Ρομαντισμός
|z Αγγλία
|9 63241
|
| 700 |
1 |
|
|a Wu, Duncan.
|9 170274
|e επιμελητής.
|
| 942 |
|
|
|2 ddc
|c BK15
|
| 998 |
|
|
|c ΛΟΥΚΟΠΟΥΛΟΥ
|d 2019-06
|